Biggest City of Every Mexican State - Statistics

General Stats
  • This quiz has been taken 39 times
  • The average score is 22 of 32
Answer Stats
State Answer % Correct
Baja California Tijuana
94%
Aguascalientes Aguascalientes
91%
Mexico City Mexico City
88%
Durango Victoria de Durango
82%
Quintana Roo Cancún
79%
Nuevo León Monterrey
79%
Puebla Puebla City
79%
Querétaro Querétaro
79%
Chihuahua Ciudad Juarez
76%
Jalisco Guadalajara
76%
Yucatán Mérida
76%
Oaxaca Oaxaca
76%
Campeche San Francisco de Campeche
76%
San Luis Potosí San Luis Potosí
76%
Sinaloa Culiacán
74%
Baja California Sur La Paz
71%
Chiapas Tuxtla Gutierrez
71%
México Ecatepec de Morelos
68%
Guanajuato León
68%
Guerrero Acapulco
65%
Zacatecas Zacatecas
62%
Sonora Hermosillo
59%
Michoacán Morelia
59%
Hidalgo Pachuca
59%
Veracruz Veracruz
59%
Tabasco Villahermosa
59%
Coahuila Saltillo
56%
Nayarit Tepic
53%
Morelos Cuernavaca
50%
Colima Manzanillo
47%
Tamaulipas Reynosa
41%
Tlaxcala Vicente Guerrero
3%
No matching quizzes found
Score Distribution
Percent of People with Each Score
Percentile by Number Answered
Your Score History
You have not taken this quiz